00817cam a2200229 a 4500001001300000003000900013005001700022008004100039020001800080040002800098082002300126100002800149245011400177260004700291300006200338490002500400504006100425650002800486650002600514650002000540650002700560C01468385c-2CO-ViMGA20230915225027.0151015s2013 ck a gr 00010dspa d a9789582011024 aCO-ViMGAbspacCO-ViMGA04a155.4 bP15s1 2201 aPalou Vicens, Sílvia.10aSentir y crecer, el crecimiento emocional en la infancia : bpropuestas educativas / cSílvia Palou Vicens. aBogotá : bEditorial Magisterio, c2013. a237 páginas : bilustraciones, fotografías ; c24 cm.1 aColección Infancia aIncluye referencias bibliográficas (páginas 231-237)14aEducación de niños.14aEmociones infantiles.14aPadres e hijos.14aPsicología infantil.